000
003120000a22001450004500
001
005760
003
MACL
040
_a
MACL
090
_c
12932
_d
12931
245
_a
Kashti e Nooh
_b
Fazal Deen
260
_a
Matba Zia Ul Islam Qadiyan,
_c
1902
350
_a
0.45
650
_a
Urdu Literature
942
_k
891
_c
Book
999
_c
12859
_d
12859